Eirikur Mar Petursson and Agnes Ingsvarsdottir v Hutchinson 3G UK Limited (Record no. 75498)

MARC details
000 -LEADER
fixed length control field 01829cab a2200193 4500
001 - CONTROL NUMBER
control field L130216
008 - FIXED-LENGTH DATA ELEMENTS--GENERAL INFORMATION
fixed length control field 050704n2005 000 0 eng u
035 ## - SYSTEM CONTROL NUMBER
System control number (Sirsi) u130216
041 ## - LANGUAGE CODE
Language code of text/sound track or separate title eng
245 ## - TITLE STATEMENT
Title Eirikur Mar Petursson and Agnes Ingsvarsdottir v Hutchinson 3G UK Limited
260 ## - PUBLICATION, DISTRIBUTION, ETC.
Date of publication, distribution, etc. 2005
520 ## - SUMMARY, ETC.
Summary, etc. [2005] EWHC 920 (TCC), 9 May 2005. Claimants (P) had sought to get defendant's (H) base station, which was installed 22 metres from the boundary of P's property where P both lived and worked, removed or repositioned as it had had substantial adverse effects on P's physical well being and enjoyment of their property. P had disposed of their interest in the property prior to the trial. P contended that their objection under the Electronic Telecommunications Code contained in the Telecommunications Act 1984 Sched 2 was well founded and that the adverse effect on P's health and well being was attributable to emissions from the base station. "Held": judgment for the defendant. P were not entitled to seek a removal order as they had disposed of their interest in the property prior to trial. Para 17(6) of the Code only permitted the court to uphold an objection if the interest in the property was current. The test in para 17(6) in respect of the material prejudicing the enjoyment of the property was objective and P had to demonstrate on the balance of probabilities that that had happened. P's evidence failed as it was based on subjective perception.
590 ## - LOCAL NOTE (RLIN)
Local note IKA040705
650 ## - SUBJECT ADDED ENTRY--TOPICAL TERM
Topical term or geographic name entry element TELECOMMUNICATIONS ACT 1984
650 ## - SUBJECT ADDED ENTRY--TOPICAL TERM
Topical term or geographic name entry element EIRIKUR MAR PETURSSON AND ANOTHER V HUTCHINSON 3G UK LTD
690 ## - LOCAL SUBJECT ADDED ENTRY--TOPICAL TERM (OCLC, RLIN)
Topical term or geographic name as entry element PROPERTY-INFRASTRUCTURE-TELECOMMUNICATIONS INFRASTRUCTURE
856 ## - ELECTRONIC LOCATION AND ACCESS
Uniform Resource Identifier <a href="https://www.bailii.org/ew/cases/EWHC/TCC/2005/920.html">https://www.bailii.org/ew/cases/EWHC/TCC/2005/920.html</a>
Public note View the judgment free of charge at www.bailii.org...
942 ## - ADDED ENTRY ELEMENTS (KOHA)
Suppress in OPAC 0
Holdings
Withdrawn status Lost status Source of classification or shelving scheme Damaged status Not for loan Home library Current library Shelving location Date acquired Total Checkouts Full call number Barcode Date last seen Copy number Price effective from Koha item type
    Dewey Decimal Classification     London London Journal article 04/07/2005   L130216 130216-1001 06/08/2019 1 06/08/2019 Law report